000 00577nam a2200241Ia 4500
003 OSt
005 20221005125842.0
006 a|||||r|||| 00| 0
007 ta
008 221004b |||||||| |||| 00| 0 guj d
024 _a46405
037 _cTextual
040 _aCRL
_cCRL
_bguj
041 _2guj
_aguj
082 _aO156,1K36x, K2
100 _aParekh
_9227831
245 0 _aPremanand
260 _c1962
300 _a122p.
_ccm.
650 _aGUJRATI LITERATURE
942 _hO156,1K36x, K2
_cTEXL
_2cc
999 _c1055291
_d1055291